Technologické závislosti - závislosť od telefonovania

Problematika novodobých technologických závislostí, osobitne závislosti od telefonovania. Prieskum podáva informácie o príznakoch závislosti ako aj neschopnosti normálneho fungovania bez mobilného telefónu. Rozdiely vo využívaní mobilného telefónu medzi generáciami.

Gespeichert in:
Bibliographische Detailangaben
1. Verfasser: Šramková, Marianna
Format: Buchkapitel
Sprache:Slowakisch
Schlagworte:
Tags: Tag hinzufügen
Keine Tags, Fügen Sie das erste Tag hinzu!

MARC

LEADER 00000naa a2200000 4500
001 0178034
005 20231010125843.4
041 0 |a slo 
044 |a SK 
245 1 0 |a Technologické závislosti - závislosť od telefonovania  |c Marianna Šramková 
520 |a Problematika novodobých technologických závislostí, osobitne závislosti od telefonovania. Prieskum podáva informácie o príznakoch závislosti ako aj neschopnosti normálneho fungovania bez mobilného telefónu. Rozdiely vo využívaní mobilného telefónu medzi generáciami. 
610 2 0 |a závislosť sociálna 
610 2 0 |a telefón mobilný 
610 2 0 |a psychológia sociálna 
610 2 0 |a aktivita spoločenská 
610 2 0 |a správanie sociálne 
610 2 0 |a generácie 
100 1 |a Šramková, Marianna